Toutes les stations de métro de Londres - Statistiques

Statistiques générales
  • Ce quiz a été pris 258 fois
  • Le résultat moyen est 21 sur 268
Statistiques - réponses
Réponse % Correct
Piccadilly Circus
62%
Westminster
44%
Paddington
38%
Victoria
36%
Waterloo
34%
Baker Street
32%
Camden Town
32%
South Kensington
32%
Covent Garden
29%
Leicester Square
29%
Liverpool Street
29%
London Bridge
28%
Oxford Circus
28%
Canary Wharf
26%
Arsenal
24%
Bank
23%
Euston
23%
Green Park
23%
King’s Cross St. Pancras
23%
Brixton
22%
Wimbledon
22%
Hammersmith
20%
Tottenham Court Road
20%
Whitechapel
20%
St. Jame’s Park
19%
Marble Arch
18%
Aldgate
17%
Barbican
17%
Edgware
17%
Embankment
17%
Gloucester Road
17%
West Ham
17%
Bond Street
16%
Charing Cross
16%
Holborn
15%
Hyde Park Corner
15%
Regent’s Park
15%
Stratford
15%
Mile End
14%
Tower Hill
14%
Angel
13%
Elephant & Castle
13%
Moorgate
13%
Earl’s Court
12%
Hampstead
12%
Kennington
12%
Knightsbridge
12%
Marylebone
12%
Sloane Square
12%
St. Paul’s
12%
Temple
12%
Aldgate East
11%
Archway
11%
Finchley Road
11%
Monument
11%
Swiss Cottage
11%
Wembley Park
11%
Acton Town
10%
Barking
10%
Caledonian Road
10%
Canada Water
10%
Cannon Street
10%
East Acton
10%
Holland Park
10%
Pimlico
10%
Southwark
10%
Blackfriars
9%
Borough
9%
Finsbury Park
9%
Heathrow terminal 4
9%
Heathrow terminal 5
9%
Holloway Road
9%
Warren Street
9%
Balham
8%
Barons Court
8%
Battersea Power Station
8%
Bermondsey
8%
Canning Town
8%
Kew Gardens
8%
Kilburn
8%
Lambeth North
8%
Mansion House
8%
North Acton
8%
North Greenwich
8%
Queensway
8%
Russell Square
8%
Bow Road
7%
Epping
7%
Fulham Broadway
7%
High Street Kensington
7%
Kentish Town
7%
Leyton
7%
Morden
7%
Old Street
7%
Ruislip
7%
Upminster
7%
Uxbridge
7%
West Acton
7%
West Kensington
7%
Barkingside
6%
Bayswater
6%
Bethnal Green
6%
Chancery Lane
6%
Clapham South
6%
Cockfosters
6%
Ealing Broadway
6%
East Finchley
6%
East Ham
6%
Euston Square
6%
Heathrow terminals 2 & 3
6%
Leytonstone
6%
Nine Elms
6%
Putney Bridge
6%
Queen’s Park
6%
Shepherd’s Bush
6%
South Wimbledon
6%
White City
6%
Alperton
5%
Arnos Grove
5%
Belsize Park
5%
Blackhorse Road
5%
Brent Cross
5%
Burnt Oak
5%
Clapham Common
5%
Colindale
5%
Ealing Common
5%
East Putney
5%
Edgware Road
5%
Goodge Street
5%
Harrow on the Hill
5%
Highgate
5%
Mornington Crescent
5%
Northfields
5%
North Wembley
5%
Royal Oak
5%
South Ealing
5%
Southfields
5%
South Ruislip
5%
St. John’s Wood
5%
Stockwell
5%
Tooting Broadway
5%
Tottenham Hale
5%
Tufnell Park
5%
Vauxhall
5%
West Brompton
5%
West Hampstead
5%
West Ruislip
5%
Wimbledon Park
5%
Amersham
4%
Chalk Farm
4%
Chiswick Park
4%
Clapham North
4%
Colliers Wood
4%
Dollis Hill
4%
Fairlop
4%
Great Portland Street
4%
Greenford
4%
Highbury & Islington
4%
Kensington Olympia
4%
Loughton
4%
Maida Vale
4%
Neasden
4%
Notthing Hill Gate
4%
Oval
4%
Redbridge
4%
Seven Sisters
4%
Snaresbrook
4%
South Kenton
4%
Stanmore
4%
Tooting Bec
4%
Totteridge and Whetstone
4%
Wanstead
4%
Warwick Avenue
4%
Watford
4%
Wembley Central
4%
West Finchley
4%
Becontree
3%
Boston Manor
3%
Bounds Green
3%
Buckhurst Hill
3%
Canons Park
3%
Chalfont & Latimer
3%
Chigwell
3%
Debden
3%
Finchley Central
3%
Gants Hill
3%
Golders Green
3%
Grange Hill
3%
Gunnersbury
3%
Hainault
3%
Hatton Cross
3%
Hendon Central
3%
High Barnet
3%
Hounslow Central
3%
Hounslow East
3%
Hounslow West
3%
Ickenham
3%
Kensal Green
3%
Kenton
3%
Kilburn Park
3%
Manor House
3%
Mill Hill East
3%
Newbury Park
3%
North Ealing
3%
Northolt
3%
Oakwood
3%
Park Royal
3%
Parsons Green
3%
Perivale
3%
Ravenscourt Park
3%
Rickmansworth
3%
Roding Valley
3%
Ruislip Manor
3%
Southgate
3%
South Harrow
3%
South Woodford
3%
Stamford Brook
3%
Stepney Green
3%
Stonbridge Park
3%
Sudbury Town
3%
Theydon Bois
3%
Turnham Green
3%
Turnpike Lane
3%
Upton Park
3%
Walthamstow Central
3%
Westbourne Park
3%
West Harrow
3%
Willesden Junction
3%
Woodford
3%
Wood Green
3%
Chesham
2%
Chorleywood
2%
Croxley
2%
Dagenham East
2%
Dagenham Heathway
2%
Eastcote
2%
Elm Park
2%
Farrongdon
2%
Goldhawk Road
2%
Hanger Lane
2%
Harlesden
2%
Harrow & Wealdstone
2%
Hilligdon
2%
Hornchurch
2%
Kingsbury
2%
Latimer Road
2%
Moor Park
2%
North Harrow
2%
Northwick Park
2%
Northwood
2%
Oslerley
2%
Pinner
2%
Plaistow
2%
Preston Road
2%
Queensbury
2%
Rayners Lane
2%
Ruislip Gardens
2%
Sudbury Hill
2%
Upminster Bridge
2%
Upney
2%
Bromley-by-Brow
1%
Ladbroke Grove
1%
Lancester Gate
1%
Northwood Hill
1%
Shepherd’s Bush Market
1%
Willisden Green
1%
Wood Lane
1%
Woodside Park
1%
Aucun quiz correspondant
Distribution des résultats
% des personnes avec chaque résultat
Percentile par nombre de réponses
Votre historique - résultats
Vous n’avez pas pris ce quiz